ESSENTIALS OF MEDICAL PHARMACOLOGY (Record no. 20496)

MARC details
000 -LEADER
fixed length control field 00350nam a22001577a 4500
003 - CONTROL NUMBER IDENTIFIER
control field SGT
020 ## - INTERNATIONAL STANDARD BOOK NUMBER
International Standard Book Number 978-93-5270-499-6
082 ## - DEWEY DECIMAL CLASSIFICATION NUMBER
Classification number 615.1
Item number E19T
100 ## - MAIN ENTRY--PERSONAL NAME
Personal name TRIPATHI,KD
245 ## - TITLE STATEMENT
Title ESSENTIALS OF MEDICAL PHARMACOLOGY
250 ## - EDITION STATEMENT
Edition statement 8TH
260 ## - PUBLICATION, DISTRIBUTION, ETC. (IMPRINT)
Place of publication, distribution, etc NEW ELHI
Name of publisher, distributor, etc JAYPEE PUB
Year of Publication 2019
300 ## - PAGE DESCRIPTION
No. of Pages 1064
650 ## - SUBJECT ADDED ENTRY--TOPICAL TERM
Topical term or geographic name as entry element PHARMACY
942 ## - ADDED ENTRY ELEMENTS (KOHA)
Source of classification or shelving scheme Dewey Decimal Classification
Koha item type Books
942 ## - ADDED ENTRY ELEMENTS (KOHA)
-- 394
Holdings
Withdrawn status Lost status Source of classification or shelving scheme Damaged status Not for loan Collection code Home library Current library Shelving location Date acquired Vendor Name Cost, normal purchase price SGTU Bill Number Total Checkouts Full call number Accession No. (Barcode) Date last seen Date last borrowed Bill Date Koha item type
    Dewey Decimal Classification     PHARMACY SGT FA-FP Library SGT FA-FP Library Text Book 24/09/2020 AHUJA PUB 1395.00 SGTU 12085 33 615.1 E19T FP3666 21/06/2024 12/06/2024 19/03/2020 Books
    Dewey Decimal Classification     PHARMACY SGT FA-FP Library SGT FA-FP Library Text Book 24/09/2020 AHUJA PUB 1395.00 SGTU 12085 58 615.1 E19T FP3667 14/10/2025 13/06/2025 19/03/2020 Books
    Dewey Decimal Classification     PHARMACY SGT FA-FP Library SGT FA-FP Library Text Book 24/09/2020 AHUJA PUB 1395.00 SGTU 12085 55 615.1 E19T FP3668 10/07/2025 10/07/2025 19/03/2020 Books
    Dewey Decimal Classification     PHARMACY SGT FA-FP Library SGT FA-FP Library Text Book 24/09/2020 AHUJA PUB 1395.00 SGTU 12085 31 615.1 E19T FP3669 21/04/2026 08/04/2026 19/03/2020 Books
    Dewey Decimal Classification     PHARMACY SGT FA-FP Library SGT FA-FP Library Text Book 24/09/2020 AHUJA PUB 1395.00 SGTU 12085 65 615.1 E19T FP3670 21/04/2026 21/04/2026 19/03/2020 Books
    Dewey Decimal Classification     PHARMACY SGT FA-FP Library SGT FA-FP Library Text Book 24/09/2020 AHUJA PUB 1395.00 SGTU 12085 63 615.1 E19T FP3671 15/12/2025 13/12/2025 19/03/2020 Books
    Dewey Decimal Classification     PHARMACY SGT FA-FP Library SGT FA-FP Library Text Book 24/09/2020 AHUJA PUB 1395.00 SGTU 12085 45 615.1 E19T FP3672 10/10/2025 29/09/2025 19/03/2020 Books
    Dewey Decimal Classification     PHARMACY SGT FA-FP Library SGT FA-FP Library Text Book 24/09/2020 AHUJA PUB 1395.00 SGTU 12085 50 615.1 E19T FP3673 12/03/2026 12/03/2026 19/03/2020 Books
    Dewey Decimal Classification     PHARMACY SGT FA-FP Library SGT FA-FP Library Text Book 24/09/2020 AHUJA PUB 1395.00 SGTU 12085 38 615.1 E19T FP3674 21/03/2025 06/02/2025 19/03/2020 Books
    Dewey Decimal Classification     PHARMACY SGT FA-FP Library SGT FA-FP Library Text Book 24/09/2020 AHUJA PUB 1395.00 SGTU 12085 55 615.1 E19T FP3675 15/04/2026 02/04/2026 19/03/2020 Books